[Event "BL 1314 SV Mülheim Nord - Turm Emsdette"]
[Site "?"]
[Date "2013.11.24"]
[Round "3.5"]
[White "Burg, Twan"]
[Black "Hausrath, Daniel"]
[Result "1/2-1/2"]
[WhiteElo "2497"]
[BlackElo "2533"]
[PlyCount "100"]
[EventDate "2013.??.??"]

1. Nf3 c5 2. e4 Nc6 3. d4 cxd4 4. Nxd4 g6 5. c4 Bg7 6. Be3 Nf6 7. Nc3 O-O 8.
Be2 d6 9. O-O Bd7 10. Qd2 Nxd4 11. Bxd4 Bc6 12. f3 a5 13. b3 Nd7 14. Be3 Nc5
15. Rab1 Qb6 16. Rfc1 Rfc8 17. Rc2 Qd8 18. Bf1 h5 19. g3 Kh7 20. Bg2 Qf8 21.
Re1 Rd8 22. Rf1 e6 23. Rd1 Rd7 24. Ne2 b6 25. Nd4 Bb7 26. Bh3 f5 27. exf5 exf5
28. Qf2 d5 29. Rcd2 Re8 30. Bf1 Qe7 31. Bf4 dxc4 32. Bxc4 Red8 33. Nb5 Rxd2 34.
Rxd2 Rxd2 35. Bxd2 Qd7 36. Be3 Qd1+ 37. Qf1 Qxf3 38. Qxf3 Bxf3 39. a3 Bd1 40.
b4 axb4 41. axb4 Na6 42. Nc3 Bxc3 43. Bxa6 Bxb4 44. Bxb6 Bd6 45. Be3 Bb3 46.
Bb7 Kg7 47. Bg5 Kf7 48. Bc6 Be5 49. Kf2 Bd4+ 50. Kf3 Bf6 1/2-1/2

[Event "BL 1314 SV Mülheim Nord - Turm Emsdette"]
[Site "?"]
[Date "2013.11.24"]
[Round "3.6"]
[White "Feygin, Michael"]
[Black "Hector, Jonny"]
[Result "1/2-1/2"]
[WhiteElo "2506"]
[BlackElo "2503"]
[PlyCount "77"]
[EventDate "2013.??.??"]

1. e4 e5 2. Nf3 Nc6 3. Bb5 f5 4. d3 fxe4 5. dxe4 Nf6 6. Qd3 Bb4+ 7. c3 Bc5 8.
O-O Qe7 9. b4 Bb6 10. Nbd2 O-O 11. Nc4 Nd8 12. a4 c6 13. Nxb6 axb6 14. Bc4+ Kh8
15. Bb3 d5 16. Bg5 Qe8 17. Bxf6 gxf6 18. Rfe1 Ne6 19. g3 Ng7 20. exd5 cxd5 21.
Bxd5 Rxa4 22. Rxa4 Qxa4 23. Be4 f5 24. Qd6 Qe8 25. Bd5 e4 26. Ng5 Nh5 27. Qxb6
Qe7 28. Qd4+ Nf6 29. Ra1 Kg7 30. Ra8 Rd8 31. Ne6+ Qxe6 32. Bxe6 Rxd4 33. Rxc8
Rd1+ 34. Kg2 Rd2 35. Rc7+ Kh6 36. Kg1 Rd1+ 37. Kg2 Rd2 38. Kg1 Rd1+ 39. Kg2
1/2-1/2

[Event "BL 1314 SV Mülheim Nord - Turm Emsdette"]
[Site "?"]
[Date "2013.11.24"]
[Round "3.7"]
[White "Janssen, Ruud"]
[Black "Levin, Felix"]
[Result "1/2-1/2"]
[WhiteElo "2471"]
[BlackElo "2486"]
[PlyCount "136"]
[EventDate "2013.??.??"]

1. Nf3 d5 2. c4 e6 3. g3 Nf6 4. Bg2 Be7 5. O-O O-O 6. b3 b6 7. Bb2 Bb7 8. e3 c5
9. Qe2 dxc4 10. bxc4 Nc6 11. Rd1 Qc7 12. Nc3 a6 13. Rab1 Rab8 14. Ba1 Rfd8 15.
d3 Ba8 16. h3 Ne8 17. g4 Nd6 18. a4 Nb4 19. Na2 Nc6 20. Nc3 Nb4 21. Na2 Nc6 22.
Rbc1 Na5 23. Be5 Qd7 24. Nc3 Nc6 25. Bg3 Qe8 26. h4 Nb4 27. h5 h6 28. e4 Bc6
29. Ra1 b5 30. axb5 axb5 31. Ne5 Bb7 32. Ra5 Ra8 33. Rda1 Rxa5 34. Rxa5 Ra8 35.
Rxa8 Bxa8 36. Qd1 bxc4 37. Nxc4 Nxc4 38. dxc4 Qc6 39. Be5 Bb7 40. Nb5 Ba6 41.
Qa1 Bf8 42. Qa5 Qd7 43. Qa1 Bxb5 44. cxb5 Qxb5 45. Bf1 c4 46. Qb2 Qc6 47. Qd4
c3 48. Qxc3 Qxe4 49. f3 Qd5 50. Bd4 Nc6 51. Bf2 Be7 52. Be2 Bf6 53. Qc4 Qxc4
54. Bxc4 Bd4 55. Bxd4 Nxd4 56. Kf2 Kf8 57. Ke3 Nc6 58. Ke4 Ke7 59. f4 Kd6 60.
Bb3 Ne7 61. Bd1 Nd5 62. Bf3 f6 63. Bh1 f5+ 64. gxf5 Nf6+ 65. Ke3 exf5 66. Bf3
Nd5+ 67. Bxd5 Kxd5 68. Kd3 Kc5 1/2-1/2

[Event "BL 1314 SV Wattenscheid - SF Katernberg"]
[Site "?"]
[Date "2013.11.24"]
[Round "3.2"]
[White "Bartel, Mateusz"]
[Black "Romanov, Evgeny"]
[Result "0-1"]
[WhiteElo "2626"]
[BlackElo "2653"]
[PlyCount "70"]
[EventDate "2013.??.??"]

1. e4 e5 2. Nf3 Nc6 3. Bb5 Nf6 4. d3 d6 5. O-O Be7 6. c3 O-O 7. h3 a6 8. Ba4 b5
9. Bc2 Nd7 10. a4 Rb8 11. Be3 Bf6 12. Nbd2 Ne7 13. axb5 axb5 14. d4 c5 15. d5
g6 16. b4 c4 17. Ra5 Bg7 18. Nb1 Nf6 19. Qc1 Ne8 20. Rd1 f5 21. Na3 f4 22. Ba7
Rb7 23. Nxb5 Bd7 24. Na3 Nc8 25. Bc5 dxc5 26. Rxc5 Ncd6 27. Rxc4 g5 28. Rc6 h5
29. Nd2 g4 30. hxg4 hxg4 31. Ndc4 Nxc4 32. Nxc4 Qh4 33. Bb3 g3 34. Nd2 Qh2+ 35.
Kf1 f3 0-1

[Event "BL 1314 SV Wattenscheid - SF Katernberg"]
[Site "?"]
[Date "2013.11.24"]
[Round "3.3"]
[White "Chuchelov, Vladimir"]
[Black "Dragun, Kamil"]
[Result "1/2-1/2"]
[WhiteElo "2553"]
[BlackElo "2543"]
[PlyCount "168"]
[EventDate "2013.??.??"]

1. Nf3 Nf6 2. c4 e6 3. Nc3 d5 4. d4 Bb4 5. Bg5 h6 6. Bxf6 Qxf6 7. e3 O-O 8. Rc1
dxc4 9. Bxc4 c5 10. dxc5 Nd7 11. c6 bxc6 12. O-O Nb6 13. Be2 Bb7 14. Qc2 c5 15.
a3 Bxc3 16. Qxc3 Rac8 17. Qxf6 gxf6 18. Rfd1 Rc7 19. Nd2 Rd8 20. Nb1 Rxd1+ 21.
Rxd1 Na4 22. b3 Nb6 23. Nc3 Bd5 24. Rb1 a5 25. e4 Bc6 26. f3 Nd7 27. Kf2 Rb7
28. Ke3 Kf8 29. f4 Ke7 30. Bc4 Rb8 31. Be2 Nb6 32. Rc1 Nc8 33. Bd1 Nd6 34. Bc2
c4 35. e5 fxe5 36. fxe5 Nb5 37. Nxb5 Rxb5 38. bxc4 Rxe5+ 39. Kf2 Kd6 40. Bd3
Kc5 41. Bf1 Kd4 42. Rd1+ Kc3 43. Rb1 Rf5+ 44. Ke3 Re5+ 45. Kf2 Ba4 46. Rb7 Rf5+
47. Ke1 Bb3 48. g4 Re5+ 49. Kf2 a4 50. Rxf7 Kb2 51. h4 Kxa3 52. g5 hxg5 53. h5
g4 54. h6 Rh5 55. h7 Kb2 56. Kg3 Bc2 57. Rb7+ Kc3 58. c5 Bxh7 59. c6 Be4 60.
Bg2 Bxg2 61. Kxg2 Rc5 62. c7 a3 63. Ra7 Kb2 64. Rb7+ Kc2 65. Kg3 Rc4 66. Ra7
Kb3 67. Rb7+ Ka4 68. Ra7+ Kb4 69. Kh4 e5 70. Kg3 Kb3 71. Rb7+ Ka4 72. Ra7+ Kb4
73. Kh4 Kb3 74. Rb7+ Kc2 75. Ra7 Kb2 76. Rb7+ Kc3 77. Ra7 Kd2 78. Rxa3 Rxc7 79.
Kxg4 Rc4+ 80. Kf5 e4 81. Kf4 e3+ 82. Kf3 e2 83. Ra2+ Kd1 84. Rxe2 Rc3+ 1/2-1/2

[Event "BL 1314 SV Wattenscheid - SF Katernberg"]
[Site "?"]
[Date "2013.11.24"]
[Round "3.4"]
[White "Rustemov, Alexander"]
[Black "Bok, Benjamin"]
[Result "0-1"]
[WhiteElo "2538"]
[BlackElo "2532"]
[PlyCount "112"]
[EventDate "2013.??.??"]

1. c4 c5 2. g3 g6 3. Bg2 Bg7 4. Nc3 Nc6 5. b3 e6 6. Bxc6 bxc6 7. Bb2 d6 8. f4
Ne7 9. Nf3 O-O 10. e4 e5 11. fxe5 Bg4 12. h3 Bxf3 13. Qxf3 Bxe5 14. O-O-O Nc8
15. h4 Nb6 16. h5 a5 17. Rdf1 Qg5 18. Rh4 a4 19. Rf4 Qe7 20. hxg6 fxg6 21. Qg4
axb3 22. Rxf8+ Rxf8 23. Rxf8+ Kxf8 24. axb3 Kg7 25. Kc2 Nd7 26. d3 Qf7 27. Nd1
Bxb2 28. Nxb2 Nf8 29. e5 dxe5 30. Qe4 Qf6 31. Kb1 Qd6 32. Ka2 Ne6 33. Na4 h5
34. Qh4 Nd4 35. g4 hxg4 36. Qxg4 Nc2 37. Nb2 Nb4+ 38. Ka3 Nc2+ 39. Ka2 Nb4+ 40.
Ka3 Nxd3 41. Nxd3 Qxd3 42. Qe6 Qd4 43. Ka2 Qf2+ 44. Ka3 Qf6 45. Qd7+ Kf8 46.
Qc8+ Kf7 47. Qd7+ Qe7 48. Qxc6 e4 49. Qd5+ Kg7 50. Qd2 e3 51. Qe2 Qf6 52. Qd1
e2 53. Qd7+ Kf8 54. Qc8+ Kf7 55. Qb7+ Qe7 56. Qf3+ Kg8 0-1

[Event "BL 1314 SV Wattenscheid - SF Katernberg"]
[Site "?"]
[Date "2013.11.24"]
[Round "3.5"]
[White "Siebrecht, Sebastian"]
[Black "Appel, Ralf"]
[Result "1-0"]
[WhiteElo "2500"]
[BlackElo "2530"]
[PlyCount "107"]
[EventDate "2013.??.??"]

1. Nf3 d5 2. d4 c6 3. Bf4 Nf6 4. e3 Bg4 5. c4 Bxf3 6. gxf3 e6 7. Qb3 b6 8. Nc3
Bd6 9. Bg3 O-O 10. Bd3 Qe7 11. O-O-O Nbd7 12. cxd5 cxd5 13. Nb5 Bb8 14. Kb1 a6
15. Nc7 Bxc7 16. Bxc7 b5 17. Rc1 Rfe8 18. Rc6 g6 19. Rhc1 Qf8 20. Qc3 Qh6 21.
Bf4 Qh3 22. Be2 Nh5 23. Bd6 Qh4 24. Qe1 e5 25. Rd1 Re6 26. dxe5 Nxe5 27. Rb6
Qd8 28. Bxe5 Qxb6 29. f4 Nf6 30. Bd4 Qd8 31. f5 Re8 32. f3 Nh5 33. f4 Ng7 34.
Bd3 Qd7 35. fxg6 fxg6 36. Bc2 Rad8 37. Bf6 Rc8 38. Qd2 Qe6 39. Be5 Nf5 40. Bb3
Rc4 41. Bxc4 dxc4 42. e4 Ne7 43. Qg2 Qb6 44. Qg5 Qc6 45. Ka1 Nc8 46. Qh6 Qb7
47. h4 Qf7 48. h5 Qf8 49. Qg5 Qe7 50. Qg4 Rd8 51. Rxd8+ Qxd8 52. hxg6 hxg6 53.
Qxg6+ Kf8 54. Bg7+ 1-0

[Event "BL 1314 SV Wattenscheid - SF Katernberg"]
[Site "?"]
[Date "2013.11.24"]
[Round "3.6"]
[White "Handke, Florian"]
[Black "Zaragatski, Ilja"]
[Result "1-0"]
[WhiteElo "2541"]
[BlackElo "2497"]
[PlyCount "83"]
[EventDate "2013.??.??"]

1. d4 Nf6 2. Nf3 c5 3. d5 g6 4. c4 b5 5. cxb5 a6 6. b6 d6 7. Nc3 Nbd7 8. a4
Qxb6 9. e4 Bg7 10. Be2 O-O 11. Nd2 Qa7 12. O-O Rb8 13. Nc4 Ne8 14. Ra3 Ne5 15.
Ne3 Nc7 16. f4 Nd7 17. Kh1 Rb4 18. Qc2 a5 19. Nb5 Qb8 20. Nc4 Nxb5 21. axb5
Rxb5 22. Nxa5 Rb6 23. Nc6 Qc7 24. Nxe7+ Kh8 25. Nc6 Re8 26. b3 Nb8 27. Na5 Na6
28. Nc4 Nb4 29. Qd1 Rxe4 30. Nxb6 Qxb6 31. Bc4 Qb7 32. Qd2 h5 33. Bb2 Bf5 34.
Bxg7+ Kxg7 35. Qc3+ Rd4 36. Rd1 Nc2 37. Ra4 Kh7 38. Rxd4 Nxd4 39. Qe3 Bc2 40.
Qe8 Bxb3 41. Bxb3 Nxb3 42. Ra8 1-0

[Event "BL 1314 SV Wattenscheid - SF Katernberg"]
[Site "?"]
[Date "2013.11.24"]
[Round "3.7"]
[White "Ris, Robert"]
[Black "Hirneise, Tobias"]
[Result "0-1"]
[WhiteElo "2416"]
[BlackElo "2440"]
[PlyCount "118"]
[EventDate "2013.??.??"]

1. d4 Nf6 2. c4 e6 3. Nc3 Bb4 4. e3 O-O 5. Bd3 c5 6. Nf3 b6 7. d5 exd5 8. cxd5
d6 9. O-O Re8 10. e4 Bxc3 11. bxc3 Nxe4 12. Re1 Nf6 13. Bg5 Rxe1+ 14. Qxe1 Nbd7
15. Qe3 Bb7 16. c4 b5 17. cxb5 Bxd5 18. Nh4 h6 19. Bxh6 gxh6 20. Nf5 Qf8 21.
Nxh6+ Kh8 22. Qh3 Nh7 23. Bxh7 Qg7 24. Rd1 Qxh7 25. Qc3+ f6 26. Ng4 Rg8 27.
Nxf6 Nxf6 28. Qxf6+ Rg7 29. Qxd6 Rxg2+ 30. Kf1 Qh3 31. Qe5+ Kh7 32. Ke1 Rg1+
33. Kd2 Rxd1+ 34. Kxd1 Qd3+ 35. Kc1 Qf1+ 36. Kd2 Qxf2+ 37. Kc3 Qf3+ 38. Kb2
Qg2+ 39. Kc3 Qf3+ 40. Kb2 Qg2+ 41. Kc3 Qh3+ 42. Kb2 Qd7 43. a4 Qf7 44. Qe3 Qf6+
45. Kc2 Qd6 46. Kc3 Qf6+ 47. Kc2 Qf5+ 48. Kb2 Be4 49. Qg3 Qf6+ 50. Qc3 Qf2+ 51.
Ka3 Kg6 52. a5 Kf5 53. b6 axb6 54. axb6 Ke6 55. h4 Kd6 56. h5 Bd5 57. Qb2 Qxb2+
58. Kxb2 Kc6 59. h6 Bg8 0-1

[Event "BL 1314 SV Wattenscheid - SF Katernberg"]
[Site "?"]
[Date "2013.11.24"]
[Round "3.8"]
[White "Thiel, Thomas"]
[Black "Scholz, Christian"]
[Result "1-0"]
[WhiteElo "2302"]
[BlackElo "2374"]
[PlyCount "57"]
[EventDate "2013.??.??"]

1. e4 c5 2. Nc3 d6 3. f4 Nc6 4. Nf3 g6 5. Bc4 Bg7 6. O-O e6 7. d3 Nge7 8. Qe1
a6 9. a3 Nd4 10. Nxd4 cxd4 11. Ne2 d5 12. Ba2 dxe4 13. dxe4 Bd7 14. f5 gxf5 15.
Ng3 Qc7 16. Bg5 Bb5 17. exf5 Bxf1 18. f6 Bf8 19. fxe7 Bxe7 20. Bxe7 Qxe7 21.
Qe5 O-O-O 22. Rxf1 Rhg8 23. Rxf7 Qxf7 24. Bxe6+ Qxe6 25. Qxe6+ Kb8 26. Ne4 Rge8
27. Qb6 Rc8 28. Nd6 Re1+ 29. Kf2 1-0

[Event "BL 1314 OSG Baden Baden - SV Griesheim"]
[Site "?"]
[Date "2013.11.24"]
[Round "3.1"]
[White "Piorun, Kacper"]
[Black "Svidler, Peter"]
[Result "1/2-1/2"]
[WhiteElo "2555"]
[BlackElo "2752"]
[PlyCount "52"]
[EventDate "2013.??.??"]

1. d4 Nf6 2. c4 g6 3. f3 d5 4. cxd5 Nxd5 5. e4 Nb6 6. Nc3 Bg7 7. Be3 O-O 8. Qd2
Nc6 9. O-O-O Qd6 10. h4 Rd8 11. Nb5 Qd7 12. h5 a6 13. Nc3 Bxd4 14. hxg6 fxg6
15. Nd5 Nxd5 16. Bc4 Bg7 17. Qe1 e6 18. exd5 Ne5 19. Qh4 h5 20. Bb3 Qe8 21. Nh3
Rd6 22. Nf4 exd5 23. Rxd5 Rc6+ 24. Kd1 Be6 25. Nxe6 Rxe6 26. Rd2 Nf7 1/2-1/2

[Event "BL 1314 OSG Baden Baden - SV Griesheim"]
[Site "?"]
[Date "2013.11.24"]
[Round "3.2"]
[White "Bacrot, Etienne"]
[Black "Tazbir, Marcin"]
[Result "1-0"]
[WhiteElo "2749"]
[BlackElo "2555"]
[PlyCount "89"]
[EventDate "2013.??.??"]

1. Nf3 c5 2. c4 Nc6 3. Nc3 e5 4. g3 g6 5. Bg2 Bg7 6. a3 Nge7 7. O-O O-O 8. d3
Rb8 9. Rb1 d6 10. b4 b6 11. Nd5 Nd4 12. Nxd4 cxd4 13. Bg5 f6 14. Bd2 Nxd5 15.
cxd5 b5 16. Rc1 Bd7 17. e3 dxe3 18. Bxe3 a6 19. d4 Rc8 20. Rxc8 Qxc8 21. dxe5
fxe5 22. Qb3 Qc4 23. Qxc4 bxc4 24. Rc1 Rc8 25. Bf1 Bb5 26. Bh3 Rc7 27. Bb6 Rb7
28. Ba5 Bf8 29. a4 Bxa4 30. Bc8 Ra7 31. Rxc4 Bb5 32. Be6+ Kg7 33. Rc8 Re7 34.
Rb8 Re8 35. Rb6 e4 36. Rb7+ Re7 37. Rb8 Re8 38. Rxe8 Bxe8 39. Bd8 Bb5 40. g4 h6
41. h4 Kh8 42. Bf6+ Bg7 43. Bxg7+ Kxg7 44. g5 hxg5 45. hxg5 1-0

[Event "BL 1314 OSG Baden Baden - SV Griesheim"]
[Site "?"]
[Date "2013.11.24"]
[Round "3.3"]
[White "Bulski, Krzysztof"]
[Black "Naiditsch, Arkadij"]
[Result "1/2-1/2"]
[WhiteElo "2538"]
[BlackElo "2727"]
[PlyCount "116"]
[EventDate "2013.??.??"]

1. d4 Nf6 2. c4 e6 3. Nc3 Bb4 4. Qc2 d5 5. cxd5 exd5 6. a3 Bxc3+ 7. bxc3 O-O 8.
Bg5 h6 9. Bxf6 Qxf6 10. e3 c5 11. Nf3 Nc6 12. Be2 Bg4 13. O-O Rac8 14. Qb3 c4
15. Qb2 Rfd8 16. Rfe1 Na5 17. Nd2 Bf5 18. Bf3 Rd6 19. e4 Rb6 20. Qa2 dxe4 21.
Nxe4 Qg6 22. Ng3 Bd3 23. Re5 Nc6 24. Re3 Qg5 25. Be4 Qb5 26. Bxd3 cxd3 27. Qd2
Na5 28. Qxd3 Qxd3 29. Rxd3 Rb3 30. Ne4 Nc4 31. a4 Re8 32. f3 Rb2 33. g4 Rd8 34.
Ng3 g6 35. Ne4 f5 36. gxf5 gxf5 37. Nf2 Re8 38. d5 Ree2 39. d6 Nxd6 40. Rxd6
Rxf2 41. Rxh6 Rxf3 42. Rf1 Rxf1+ 43. Kxf1 Rd2 44. Rf6 Rd5 45. Ke2 Ra5 46. Rd6
b6 47. Rd4 Kf7 48. Rc4 Ke6 49. Kf3 Kd5 50. Rd4+ Ke5 51. Rb4 a6 52. Rxb6 Rxa4
53. h4 a5 54. Rb5+ Kf6 55. Rb6+ Kf7 56. Rb5 Kg6 57. Rb6+ Kg7 58. Rb7+ Kg6
1/2-1/2

[Event "BL 1314 OSG Baden Baden - SV Griesheim"]
[Site "?"]
[Date "2013.11.24"]
[Round "3.4"]
[White "Vallejo Pons, Francisco"]
[Black "Grabarczyk, Miroslaw"]
[Result "1-0"]
[WhiteElo "2705"]
[BlackElo "2470"]
[PlyCount "65"]
[EventDate "2013.??.??"]

1. c4 e6 2. d4 d5 3. Nc3 Nf6 4. Bg5 Be7 5. e3 h6 6. Bh4 O-O 7. Qc2 Ne4 8. Bxe7
Qxe7 9. Nge2 Nxc3 10. Nxc3 c6 11. O-O-O Nd7 12. g4 Nf6 13. Rg1 e5 14. g5 hxg5
15. Rxg5 exd4 16. Rxd4 Ne4 17. Rg1 Bf5 18. cxd5 cxd5 19. Nxd5 Qe5 20. f4 Qe6
21. Nc7 Qe7 22. Nxa8 Rxa8 23. Bd3 Rc8 24. Rc4 Nc5 25. Rxg7+ Kxg7 26. Qc3+ Kg6
27. Bxf5+ Kxf5 28. e4+ Kg6 29. Qg3+ Kh5 30. Qf3+ Kh4 31. Qg3+ Kh5 32. Qf3+ Kh4
33. Rc3 1-0

[Event "BL 1314 OSG Baden Baden - SV Griesheim"]
[Site "?"]
[Date "2013.11.24"]
[Round "3.5"]
[White "Murdzia, Piotr"]
[Black "Kasimdzhanov, Rustam"]
[Result "0-1"]
[WhiteElo "2444"]
[BlackElo "2698"]
[PlyCount "55"]
[EventDate "2013.??.??"]

1. d4 Nf6 2. c4 g6 3. Nc3 d5 4. Nf3 Bg7 5. Bg5 Ne4 6. Bh4 Nxc3 7. bxc3 dxc4 8.
e3 b5 9. a4 c6 10. Nd2 a6 11. Be2 O-O 12. Bf3 Ra7 13. O-O Qc7 14. Bg3 e5 15.
Be2 Nd7 16. Nf3 Re8 17. Qd2 Qd6 18. Rfb1 Qd5 19. Qa2 e4 20. Nd2 Nf6 21. h3 Rae7
22. Be5 Rxe5 23. dxe5 Qxe5 24. Rc1 Nd5 25. Nb1 Nxe3 26. fxe3 Qg3 27. Nd2 Bxh3
28. Bf1 0-1

[Event "BL 1314 OSG Baden Baden - SV Griesheim"]
[Site "?"]
[Date "2013.11.24"]
[Round "3.7"]
[White "Koehler, Ronald"]
[Black "Meier, Georg"]
[Result "0-1"]
[WhiteElo "2269"]
[BlackElo "2623"]
[PlyCount "78"]
[EventDate "2013.??.??"]

1. d4 e6 2. Nf3 Nf6 3. c4 d5 4. Nc3 dxc4 5. e4 Bb4 6. Bg5 h6 7. Bxf6 Qxf6 8.
Bxc4 c5 9. O-O cxd4 10. e5 Qd8 11. Nb5 Nc6 12. Nbxd4 Nxd4 13. Nxd4 O-O 14. Qg4
Qc7 15. Nf3 Be7 16. Rac1 Qb6 17. Bd3 Rd8 18. Qe4 g6 19. h4 Bd7 20. h5 Bc6 21.
Qe2 gxh5 22. Bb1 Kg7 23. Rc3 Rh8 24. Rfc1 Rad8 25. Rb3 Qa5 26. a3 Qd5 27. Rbc3
Rd7 28. Bc2 Rhd8 29. Ne1 Qd2 30. Qxd2 Rxd2 31. f4 Bh4 32. g3 Be7 33. b4 h4 34.
Nf3 Bxf3 35. Rxf3 Rc8 36. Rf2 Rxf2 37. Kxf2 h3 38. Ke2 Rc3 39. Kd2 Rxa3 0-1

[Event "BL 1314 OSG Baden Baden - SV Griesheim"]
[Site "?"]
[Date "2013.11.24"]
[Round "3.8"]
[White "Schlosser, Philipp"]
[Black "Hahn, Werner"]
[Result "1-0"]
[WhiteElo "2608"]
[BlackElo "2171"]
[PlyCount "71"]
[EventDate "2013.??.??"]

1. c4 g6 2. d4 Nf6 3. Nc3 Bg7 4. e4 d6 5. Nge2 O-O 6. Ng3 e5 7. d5 c6 8. Be2 a6
9. O-O cxd5 10. cxd5 Nbd7 11. Bg5 h6 12. Be3 Kh7 13. a4 Ng8 14. a5 Bf6 15. Qd2
Bg5 16. Nd1 Qe7 17. Ra3 f5 18. exf5 gxf5 19. f4 exf4 20. Bxf4 Ne5 21. Nh5 Ng6
22. Ne3 Nxf4 23. Nxf4 Nf6 24. Nc4 Ne4 25. Qd4 Bf6 26. Qe3 Rb8 27. b4 Rg8 28. g3
Rg5 29. Kg2 Bd7 30. Nb6 Rbg8 31. Nxd7 Qxd7 32. Ne6 Rxg3+ 33. hxg3 Rxg3+ 34.
Qxg3 Nxg3 35. Rxg3 Be5 36. Nf8+ 1-0

[Event "BL 1314 SV Hockenheim - SC Viernheim"]
[Site "?"]
[Date "2013.11.24"]
[Round "3.1"]
[White "Maze, Sebastien"]
[Black "Rapport, Richard"]
[Result "0-1"]
[WhiteElo "2544"]
[BlackElo "2680"]
[PlyCount "66"]
[EventDate "2013.??.??"]

1. e4 d6 2. d4 g6 3. Nc3 Bg7 4. Be3 a6 5. h4 h6 6. a4 b6 7. Nge2 Nf6 8. f3 Nbd7
9. g4 e6 10. Ng3 Bb7 11. Be2 c5 12. Kf2 Qc7 13. Qd2 d5 14. exd5 Nxd5 15. Nxd5
Bxd5 16. dxc5 bxc5 17. Rad1 Qb7 18. Rhe1 Bf6 19. h5 g5 20. Nf5 Qc7 21. Kg2 Rd8
22. c4 Ba8 23. Nd6+ Kf8 24. b4 Kg7 25. bxc5 Nxc5 26. Qb4 Nd7 27. c5 Rb8 28. Qa3
Rhd8 29. Rb1 Ne5 30. Kg3 Bd5 31. Rxb8 Rxb8 32. Rb1 Nc4 33. Rxb8 Nxa3 0-1

[Event "BL 1314 SV Hockenheim - SC Viernheim"]
[Site "?"]
[Date "2013.11.24"]
[Round "3.2"]
[White "Buhmann, Rainer"]
[Black "Libiszewski, Fabien"]
[Result "1-0"]
[WhiteElo "2562"]
[BlackElo "2526"]
[PlyCount "81"]
[EventDate "2013.??.??"]

1. d4 Nf6 2. c4 e6 3. Nf3 d5 4. g3 dxc4 5. Bg2 Nc6 6. Qa4 Bb4+ 7. Bd2 Nd5 8.
Bxb4 Ndxb4 9. O-O Rb8 10. Na3 O-O 11. Qb5 b6 12. Qxc4 Ba6 13. Nb5 Qd5 14. Qxd5
Nxd5 15. a4 Na5 16. Ne5 Rbd8 17. Rac1 Nb3 18. Bxd5 Nxc1 19. Bc4 Bxb5 20. axb5
Nxe2+ 21. Bxe2 Rxd4 22. Bc4 Re4 23. f4 Rd8 24. b3 Re3 25. Rf2 h5 26. Kg2 Re1
27. Rc2 Red1 28. Nf3 Rb1 29. f5 exf5 30. Ne5 Rdd1 31. Bxf7+ Kh8 32. Nf3 Rd7 33.
Bxh5 Rxb3 34. Ne5 Rd4 35. Bg6 Rxb5 36. Rxc7 Rc5 37. Rxa7 Rd2+ 38. Kh3 Rc8 39.
Bxf5 Rb8 40. Ra4 Kg8 41. Be6+ 1-0

[Event "BL 1314 SV Hockenheim - SC Viernheim"]
[Site "?"]
[Date "2013.11.24"]
[Round "3.3"]
[White "Beikert, Guenther"]
[Black "Baramidze, David"]
[Result "0-1"]
[WhiteElo "2428"]
[BlackElo "2614"]
[PlyCount "114"]
[EventDate "2013.??.??"]

1. e4 e5 2. Nf3 Nc6 3. Bb5 a6 4. Ba4 Nf6 5. O-O Be7 6. Re1 b5 7. Bb3 d6 8. c3
O-O 9. h3 Nb8 10. d4 Nbd7 11. Nbd2 Bb7 12. Bc2 Re8 13. Nf1 Bf8 14. Ng3 g6 15.
a4 c5 16. d5 c4 17. Bg5 h6 18. Be3 Nc5 19. Qd2 h5 20. Bg5 Be7 21. Ra2 Nfd7 22.
Bxe7 Qxe7 23. Rea1 Kg7 24. Qe3 Reb8 25. Nd2 Nb6 26. a5 Nbd7 27. b4 cxb3 28.
Nxb3 Nxb3 29. Bxb3 Nc5 30. Bd1 Bc8 31. Rb2 Bd7 32. Be2 Rb7 33. Nf1 Rab8 34. Rb4
Qd8 35. f4 exf4 36. Qxf4 Qf6 37. Qe3 Re8 38. Nd2 Qe5 39. Re1 Rc7 40. Nf3 Qg3
41. Bf1 Bxh3 42. Qd4+ f6 43. Re3 Bg4 44. e5 fxe5 45. Qd2 e4 46. Qd4+ Kh6 47.
Nd2 Qf4 48. c4 bxc4 49. Bxc4 Rf7 50. Rb1 Qf2+ 51. Kh1 Bf3 52. Bf1 Re5 53. gxf3
Rf4 54. Rxe4 Qxd4 55. Rxd4 Rxd4 56. Ne4 Nxe4 57. fxe4 Rdxe4 0-1

[Event "BL 1314 SV Hockenheim - SC Viernheim"]
[Site "?"]
[Date "2013.11.24"]
[Round "3.4"]
[White "Saric, Ivan"]
[Black "Meinhardt, Maximilian"]
[Result "1-0"]
[WhiteElo "2628"]
[BlackElo "2399"]
[PlyCount "57"]
[EventDate "2013.??.??"]

1. e4 e6 2. d4 d5 3. Nc3 Bb4 4. e5 c5 5. a3 Ba5 6. b4 cxd4 7. Qg4 Ne7 8. bxa5
dxc3 9. Qxg7 Rg8 10. Qxh7 Nbc6 11. Nf3 Qc7 12. Bf4 Bd7 13. a6 O-O-O 14. axb7+
Kb8 15. Qd3 Rg4 16. g3 Ng6 17. h3 Rxf4 18. gxf4 Nxf4 19. Qe3 Ng6 20. Qxc3 d4
21. Qc5 Be8 22. Bc4 f6 23. O-O-O fxe5 24. Ng5 Nf4 25. Nxe6 Nxe6 26. Bxe6 e4 27.
Rhe1 Qf4+ 28. Kb1 Kxb7 29. Bd5 1-0

[Event "BL 1314 SV Hockenheim - SC Viernheim"]
[Site "?"]
[Date "2013.11.24"]
[Round "3.5"]
[White "Carbonnel, Pierre"]
[Black "Wagner, Dennis"]
[Result "0-1"]
[WhiteElo "2210"]
[BlackElo "2460"]
[PlyCount "44"]
[EventDate "2013.??.??"]

1. e4 e5 2. f4 d5 3. exd5 exf4 4. Nf3 Nf6 5. Bb5+ c6 6. dxc6 Nxc6 7. Nc3 Bd6 8.
Qe2+ Kf8 9. d4 Bg4 10. Bxc6 bxc6 11. O-O Qb6 12. Qc4 Be6 13. Qd3 h6 14. Ne2 g5
15. c4 Qa5 16. b3 Bf5 17. Qd1 Re8 18. Bd2 Qd8 19. Ne5 Ng4 20. Ng3 fxg3 21. Rxf5
Bxe5 22. Bb4+ Kg8 0-1

[Event "BL 1314 SV Hockenheim - SC Viernheim"]
[Site "?"]
[Date "2013.11.24"]
[Round "3.6"]
[White "Paehtz, Elisabeth"]
[Black "Jacob, Volker"]
[Result "1-0"]
[WhiteElo "2449"]
[BlackElo "2276"]
[PlyCount "71"]
[EventDate "2013.??.??"]

1. Nf3 Nf6 2. c4 g6 3. Nc3 Bg7 4. d4 O-O 5. g3 d6 6. Bg2 c5 7. O-O Nc6 8. d5
Na5 9. Nd2 e6 10. Qc2 exd5 11. cxd5 Rb8 12. a4 a6 13. b3 Re8 14. Bb2 Bf5 15. e4
Bd7 16. Rfe1 b5 17. axb5 axb5 18. Ne2 Nb7 19. h3 Qb6 20. g4 Ra8 21. Ng3 Rxa1
22. Rxa1 h6 23. Ngf1 Qd8 24. Ne3 Nh7 25. Bxg7 Kxg7 26. Ra7 Bc8 27. Bf1 Qb6 28.
Qb2+ Kg8 29. Qa1 Ng5 30. Qa6 Qxa6 31. Rxa6 c4 32. bxc4 bxc4 33. Nexc4 Nc5 34.
Ra8 Ngxe4 35. Nxe4 Nxe4 36. f3 1-0

[Event "BL 1314 SV Hockenheim - SC Viernheim"]
[Site "?"]
[Date "2013.11.24"]
[Round "3.7"]
[White "Spiegel, Stefan"]
[Black "Rau, Hannes"]
[Result "0-1"]
[WhiteElo "2236"]
[BlackElo "2460"]
[PlyCount "56"]
[EventDate "2013.??.??"]

1. e4 c5 2. Nc3 Nc6 3. f4 e6 4. Nf3 d5 5. Bb5 d4 6. Ne2 Nge7 7. Ne5 Bd7 8. Nxd7
Qxd7 9. O-O a6 10. Bxc6 Nxc6 11. f5 exf5 12. Rxf5 g6 13. Rd5 Qc7 14. d3 Bd6 15.
g3 Ne7 16. Nf4 Be5 17. Qg4 Nxd5 18. Nxd5 Qd6 19. Bf4 Bxf4 20. gxf4 f5 21. Qh4
O-O 22. c4 dxc3 23. bxc3 Rae8 24. Re1 c4 25. Re3 cxd3 26. Rh3 Rf7 27. Rxd3 fxe4
28. Rd4 Qe6 0-1

[Event "BL 1314 SF Katernberg - SV Mülheim Nord"]
[Site "?"]
[Date "2013.11.24"]
[Round "4.3"]
[White "Fridman, Daniel"]
[Black "Chuchelov, Vladimir"]
[Result "1/2-1/2"]
[WhiteElo "2600"]
[BlackElo "2553"]
[PlyCount "22"]
[EventDate "2013.??.??"]

1. Nf3 d5 2. d4 Nf6 3. c4 c6 4. cxd5 cxd5 5. Nc3 Nc6 6. Bf4 a6 7. Rc1 Nh5 8.
Bd2 Nf6 9. Bf4 Nh5 10. Bd2 Nf6 11. Bf4 Nh5 1/2-1/2

[Event "BL 1314 SV Griesheim - SV Hockenheim"]
[Site "?"]
[Date "2013.11.24"]
[Round "4.7"]
[White "Rau, Hannes"]
[Black "Nothnagel, Holger"]
[Result "1/2-1/2"]
[WhiteElo "2460"]
[BlackElo "2303"]
[PlyCount "116"]
[EventDate "2013.??.??"]

1. d4 c5 2. d5 Nf6 3. c4 b5 4. cxb5 a6 5. bxa6 g6 6. Nc3 Bxa6 7. g3 d6 8. Bg2
Bg7 9. Nf3 Nbd7 10. O-O O-O 11. Qc2 Ra7 12. Rd1 Qa8 13. b3 Rb8 14. Bb2 Rc7 15.
e3 Qb7 16. Rab1 Qc8 17. Ba1 Rcb7 18. h3 h6 19. Kh2 Ra7 20. Bf1 Bxf1 21. Rxf1
Qa6 22. a4 Rab7 23. Nd2 Ne5 24. f4 Neg4+ 25. hxg4 Nxg4+ 26. Kg1 Nxe3 27. Qe4
Nxf1 28. Rxf1 Rb4 29. Qf3 Rd4 30. Qg2 Qd3 31. Rf2 Rdb4 32. Qf3 Rd4 33. Qg2 Rdb4
34. Rf3 Qc2 35. Kh2 Rd4 36. Rf2 Qc1 37. Ndb1 Rd3 38. Rc2 Qe3 39. Re2 Qd4 40.
Rxe7 Rxb3 41. Re4 Qf6 42. Qe2 Rxd5 43. Nxd5 Qxa1 44. Nd2 Rb2 45. Qg2 Bd4 46.
Re2 Qxa4 47. f5 Be5 48. Qf3 Qh4+ 49. Kg2 Qg5 50. Ne4 Rxe2+ 51. Qxe2 Qd8 52. Qf3
Kg7 53. f6+ Kh7 54. Qb3 Qa8 55. Kh2 Qc8 56. Ne7 c4 57. Qb5 Qg4 58. Qd5 Bxg3+
1/2-1/2